|
|
|
|
| LEADER |
00000naa0a2200000 4500 |
| 001 |
654865 |
| 005 |
20250911113725.0 |
| 035 |
|
|
|a (RuTPU)RU\TPU\network\20563
|
| 035 |
|
|
|a RU\TPU\network\13489
|
| 090 |
|
|
|a 654865
|
| 100 |
|
|
|a 20170525d2016 k||y0rusy50 ca
|
| 101 |
0 |
|
|a rus
|
| 102 |
|
|
|a RU
|
| 135 |
|
|
|a drcn ---uucaa
|
| 181 |
|
0 |
|a i
|
| 182 |
|
0 |
|a b
|
| 200 |
1 |
|
|a Исследование закономерностей развития процесса сепарации в углеводородных средах
|d Research of regularities from separation process evolution in hydrocarbonaceous media
|f Е. В. Николаев
|g науч. рук. С. Н. Харламов
|
| 203 |
|
|
|a Текст
|c электронный
|
| 300 |
|
|
|a Заглавие с экрана
|
| 461 |
|
1 |
|t Нефть и газ - 2016
|o юбилейная 70-я Международная молодежная научная конференция, приуроченная к III Национальному нефтегазовому форуму, г. Москва, 18-20 апреля 2016 г.
|o тезисы докладов
|d 2016
|
| 463 |
|
|
|t Т. 2
|v [С. 219]
|d 2016
|
| 510 |
1 |
|
|a Research of regularities from separation process evolution in hydrocarbonaceous media
|z eng
|
| 610 |
1 |
|
|a электронный ресурс
|
| 610 |
1 |
|
|a труды учёных ТПУ
|
| 610 |
1 |
|
|a углеводородные среды
|
| 610 |
1 |
|
|a сепарация
|
| 610 |
1 |
|
|a равновесные состояния
|
| 610 |
1 |
|
|a термодинамика
|
| 700 |
|
1 |
|a Николаев
|b Е. В.
|c специалист в области электротехники
|c инженер Томского политехнического университета
|f 1989-
|g Евгений Владимирович
|3 (RuTPU)RU\TPU\pers\31309
|9 15487
|
| 702 |
|
1 |
|a Харламов
|b С. Н.
|c специалист в области транспорта и хранения нефти
|c профессор Томского политехнического университета
|f 1957-
|g Сергей Николаевич
|4 727
|
| 712 |
0 |
2 |
|a Национальный исследовательский Томский политехнический университет (ТПУ)
|b Институт природных ресурсов (ИПР)
|b Кафедра транспорта и хранения нефти и газа (ТХНГ)
|3 (RuTPU)RU\TPU\col\18661
|
| 801 |
|
1 |
|a RU
|b 63413507
|c 20141010
|
| 801 |
|
2 |
|a RU
|b 63413507
|c 20170525
|g RCR
|
| 856 |
4 |
|
|u http://smno.gubkin.ru/Doc/2016Tezisy2.pdf#page=220
|
| 942 |
|
|
|c CF
|